NBA Chain Quiz 2 - Statistics

General Stats
  • This quiz has been taken 314 times
  • The average score is 6 of 15
Answer Stats
Question Answer % Correct
Lebron has ____ championships and MVPs 7
100%
Also the number of this celtics young star Jaylen Brown
88%
Who went to the university of California
54%
who has ____ championships 2
52%
Also where this star white PG of the 2000s went to Jason Kidd
46%
The same number of MVPs this other PG of the 2000s had Steve Nash
37%
Who retired with the Knicks
32%
This other timberwolves star is also from here Andrew Wiggins
28%
Who is from Canada
28%
Also where this player from the 76ers went to Joel Embiid
26%
Who came into the league in (year) 2014
25%
Going back to that 76ers player, what pick was he 3
25%
Who went to the university of Kansas
23%
Who was drafted after him Aaron Gordon
4%
Who went to the University of Arizona
4%
No matching quizzes found
Score Distribution
Percent of People with Each Score
Percentile by Number Answered
Your Score History
You have not taken this quiz